LEADER 04011nam 2200781 a 450 001 9910458260903321 005 20200520144314.0 010 $a1-282-56236-3 010 $a9786612562365 010 $a0-8135-4912-4 024 7 $a10.36019/9780813549125 035 $a(CKB)2560000000014670 035 $a(EBL)870069 035 $a(OCoLC)642200646 035 $a(SSID)ssj0000423964 035 $a(PQKBManifestationID)11310408 035 $a(PQKBTitleCode)TC0000423964 035 $a(PQKBWorkID)10441225 035 $a(PQKB)11583495 035 $a(MiAaPQ)EBC870069 035 $a(MdBmJHUP)muse8198 035 $a(DE-B1597)529055 035 $a(DE-B1597)9780813549125 035 $a(Au-PeEL)EBL870069 035 $a(CaPaEBR)ebr10386161 035 $a(CaONFJC)MIL256236 035 $a(OCoLC)1119097919 035 $a(EXLCZ)992560000000014670 100 $a20090508d2010 ub 0 101 0 $aeng 135 $aur|n|---||||| 181 $ctxt 182 $cc 183 $acr 200 14$aThe new Chinese America$b[electronic resource] $eclass, economy, and social hierarchy /$fXiaojian Zhao 210 $aNew Brunswick, N.J. $cRutgers University Press$dc2010 215 $a1 online resource (217 p.) 300 $aDescription based upon print version of record. 311 $a0-8135-4691-5 320 $aIncludes bibliographical references and index. 327 $aIntroduction: Rethinking Chinese America -- Contemporary Chinese American population : the documented and the invisible -- Drawing lines of class distinctions -- "Serve the people" : the ethnic economy -- The "spirit of change" : constructing a regional identity -- Surviving poverty in an ethnic social hierarchy -- Conclusion: Inclusion or exclusion? 330 $aThe 1965 Immigration Act altered the lives and outlook of Chinese Americans in fundamental ways. The New Chinese America explores the historical, economic, and social foundations of the Chinese American community, in order to reveal the emergence of a new social hierarchy after 1965. In this detailed and comprehensive study of contemporary Chinese America, Xiaojian Zhao uses class analysis to illuminate the difficulties of everyday survival for poor and undocumented immigrants and analyzes the process through which social mobility occurs. Through ethnic ties, Chinese Americans have built an economy of their own in which entrepreneurs can maintain a competitive edge given their access to low-cost labor; workers who are shut out of the mainstream job market can find work and make a living; and consumers can enjoy high quality services at a great bargain. While the growth of the ethnic economy enhances ethnic bonds by increasing mutual dependencies among different groups of Chinese Americans, it also determines the limits of possibility for various individuals depending on their socioeconomic and immigration status. 606 $aChinese Americans$xHistory 606 $aChinese Americans$xSocial conditions 606 $aChinese Americans$xEconomic conditions 606 $aCommunity life$zUnited States$xHistory 606 $aImmigrants$zUnited States$xHistory 606 $aSocial classes$zUnited States$xHistory 606 $aDominance (Psychology)$zUnited States$xHistory 607 $aUnited States$xEthnic relations 607 $aUnited States$xSocial conditions$xEthnic relations 608 $aElectronic books. 615 0$aChinese Americans$xHistory. 615 0$aChinese Americans$xSocial conditions. 615 0$aChinese Americans$xEconomic conditions. 615 0$aCommunity life$xHistory. 615 0$aImmigrants$xHistory. 615 0$aSocial classes$xHistory. 615 0$aDominance (Psychology)$xHistory. 676 $a973/.04951 700 $aZhao$b Xiaojian$f1953-$0971896 801 0$bMiAaPQ 801 1$bMiAaPQ 801 2$bMiAaPQ 906 $aBOOK 912 $a9910458260903321 996 $aThe new Chinese America$92484655 997 $aUNINA LEADER 01570nam 2200409 450 001 9910704536403321 005 20130909093817.0 035 $a(CKB)5470000002442343 035 $a(OCoLC)841489924 035 $a(EXLCZ)995470000002442343 100 $a20130502d2013 ua 0 101 0 $aeng 135 $aur||||||||||| 181 $ctxt$2rdacontent 182 $cc$2rdamedia 183 $acr$2rdacarrier 200 10$aNuclear material $ecooperation : agreement between the United States of America and Latvia, signed at Riga, December 3, 2007 210 1$a[Washington, D.C.] :$cU.S. Dept. of State,$d[2013?] 215 $a1 online resource (13 unnumbered pages) 225 1 $aTreaties and other international acts series ;$v07-1203 300 $aTitle from title screen (viewed on May 2, 2013). 517 $aNuclear material 606 $aRadioactive substances$xSafety measures$xGovernment policy$zUnited States 606 $aRadioactive substances$xSafety measures$xGovernment policy$zLatvia 606 $aNuclear nonproliferation$xInternational cooperation 615 0$aRadioactive substances$xSafety measures$xGovernment policy 615 0$aRadioactive substances$xSafety measures$xGovernment policy 615 0$aNuclear nonproliferation$xInternational cooperation. 712 02$aUnited States.$f2007 December 3. 712 02$aLatvia, 712 02$aUnited States.$bDepartment of State, 801 0$bGPO 801 1$bGPO 906 $aBOOK 912 $a9910704536403321 996 $aNuclear material$93436243 997 $aUNINA LEADER 02221nam0 22005053i 450 001 VAN00263005 005 20250224112338.368 017 70$2N$a9783540387015 100 $a20230907d1983 |0itac50 ba 101 $aeng 102 $aDE 105 $a|||| ||||| 200 1 $aProbability Theory and Mathematical Statistics$eProceedings of the Fourth USSR-Japan Symposium, held at Tbilisi, USSR, August 23-29, 1982$fedited by Jurii V. Prokhorov, Kiyosi Itô 210 $aBerlin$cSpringer$d1983 215 $ax, 746 p.$d24 cm 461 1$1001VAN00102250$12001 $aLecture notes in mathematics$1210 $aBerlin [etc.]$cSpringer$v1021 606 $a00Bxx$xConference proceedings and collections of articles [MSC 2020]$3VANC021742$2MF 606 $a60-XX$xProbability theory and stochastic processes [MSC 2020]$3VANC020428$2MF 606 $a62-XX$xStatistics [MSC 2020]$3VANC022998$2MF 610 $aEstimator$9KW:K 610 $aLikelihood$9KW:K 610 $aMathematical statistics$9KW:K 610 $aMaxima$9KW:K 610 $aObservables$9KW:K 610 $aProbability$9KW:K 610 $aProbability Theory$9KW:K 610 $aProbability calculation$9KW:K 610 $aProbability distribution$9KW:K 610 $aRandom variables$9KW:K 610 $aStatistics$9KW:K 610 $aVariance$9KW:K 620 $dBerlin$3VANL000066 702 1$aItô$bKiyosi$3VANV044309 702 1$aProkhorov$bIurii Vasilevich$3VANV040906 712 $aSpringer $3VANV108073$4650 790 1$aProkhorov, Yu. V.$zProkhorov, Iurii Vasilevich$3VANV040907 790 1$aProkhorov, J. V.$zProkhorov, Iurii Vasilevich$3VANV211047 801 $aIT$bSOL$c20250704$gRICA 856 4 $uhttps://doi.org/10.1007/BFb0072896$zE-book ? Accesso al full-text attraverso riconoscimento IP di Ateneo, proxy e/o Shibboleth 899 $aBIBLIOTECA DEL DIPARTIMENTO DI MATEMATICA E FISICA$1IT-CE0120$2VAN08 912 $fN 912 $aVAN00263005 950 $aBIBLIOTECA DEL DIPARTIMENTO DI MATEMATICA E FISICA$d08DLOAD e-book 6559 $e08eMF6559 20230908 996 $aProbability theory and mathematical statistics$980199 997 $aUNICAMPANIA